|
|
|
|
| LEADER |
01390nam a2200385Ia 4500 |
| 001 |
EBC997055 |
| 003 |
MiAaPQ |
| 005 |
20200520144314.0 |
| 006 |
m o d | |
| 007 |
cr cn||||||||| |
| 008 |
980120s1998 caua sb 001 0 eng d |
| 010 |
|
|
|z 98008871
|
| 020 |
|
|
|z 0761912401 (acid-free paper)
|
| 020 |
|
|
|z 076191241X (pbk. : acid-free paper)
|
| 020 |
|
|
|z 9780761912415
|
| 020 |
|
|
|z 9781452267562 (ebook)
|
| 035 |
|
|
|a (MiAaPQ)EBC997055
|
| 035 |
|
|
|a (Au-PeEL)EBL997055
|
| 035 |
|
|
|a (CaPaEBR)ebr10586621
|
| 035 |
|
|
|a (CaONFJC)MIL673395
|
| 035 |
|
|
|a (OCoLC)809773871
|
| 040 |
|
|
|a MiAaPQ
|c MiAaPQ
|d MiAaPQ
|
| 050 |
|
4 |
|a HF5823
|b .H58 1998
|
| 082 |
0 |
4 |
|a 659.1
|2 21
|
| 245 |
0 |
0 |
|a How advertising works
|h [electronic resource] :
|b the role of research /
|c edited by John Philip Jones.
|
| 260 |
|
|
|a Thousand Oaks, Calif. :
|b Sage Publications,
|c c1998.
|
| 300 |
|
|
|a 358 p. :
|b ill.
|
| 504 |
|
|
|a Includes bibliographical references and indexes.
|
| 533 |
|
|
|a Electronic reproduction. Ann Arbor, MI : ProQuest, 2015. Available via World Wide Web. Access may be limited to ProQuest affiliated libraries.
|
| 650 |
|
0 |
|a Advertising
|x Research.
|
| 650 |
|
0 |
|a Advertising.
|
| 655 |
|
4 |
|a Electronic books.
|
| 700 |
1 |
|
|a Jones, John Philip.
|
| 710 |
2 |
|
|a ProQuest (Firm)
|
| 856 |
4 |
0 |
|u https://ebookcentral.proquest.com/lib/matrademy/detail.action?docID=997055
|z Click to View
|